[Event "Championnat de France - Open C"]
[Site "NANCY"]
[Date "2013.08.14"]
[Round "3.10"]
[White "Buisson, Lionel"]
[Black "Kajganic, Fabien"]
[Result "1/2-1/2"]
[WhiteElo "1594"]
[BlackElo "1727"]
[PlyCount "102"]
[EventDate "2013.??.??"]

1. e4 e6 2. d4 d5 3. exd5 exd5 4. c4 Nf6 5. Nc3 Be7 6. Nf3 O-O 7. Be2 Be6 8.
O-O dxc4 9. Ne5 c5 10. Bf3 Nd5 11. dxc5 Nxc3 12. Qxd8 Rxd8 13. bxc3 Bd5 14. Rd1
Bxf3 15. Rxd8+ Bxd8 16. Nxf3 Nd7 17. Ba3 Rc8 18. Rd1 Nf6 19. Ne5 Ne4 20. Nxc4
Nxc3 21. Rd7 Bc7 22. Nd6 Bxd6 23. cxd6 Nb5 24. Bb2 h6 25. g4 Rc6 26. Be5 f6 27.
Bg3 Kf8 28. a4 Nd4 29. Rxb7 Ne2+ 30. Kg2 Nxg3 31. Kxg3 Rxd6 32. Rxa7 g5 33. a5
Rd3+ 34. f3 Ra3 35. a6 Ra2 36. Rh7 Rxa6 37. Rxh6 Kg7 38. Rh5 Ra2 39. h4 Kg6 40.
Rh8 gxh4+ 41. Rxh4 f5 42. Rh5 fxg4 43. fxg4 Ra3+ 44. Kh4 Ra1 45. Re5 Rh1+ 46.
Kg3 Ra1 47. Kf3 Rf1+ 48. Kg2 Ra1 49. Rb5 Ra3 50. Rc5 Rb3 51. Rf5 Ra3 1/2-1/2

[Event "Championnat de France - Open C"]
[Site "NANCY"]
[Date "2013.08.15"]
[Round "4.1"]
[White "Mangold, Noe"]
[Black "Ribiere, Damien"]
[Result "1-0"]
[WhiteElo "1781"]
[BlackElo "1686"]
[PlyCount "97"]
[EventDate "2013.??.??"]

1. d4 Nf6 2. c4 g6 3. Nc3 d5 4. e3 Bg7 5. Nf3 O-O 6. Be2 b6 7. O-O Bb7 8. Ne5
Nbd7 9. f4 Nxe5 10. fxe5 Ne4 11. Nxd5 e6 12. Nc3 Ng5 13. b3 h5 14. Ba3 c5 15.
Nb5 Nh3+ 16. Kh1 Ng5 17. Nd6 Bc6 18. Qe1 f6 19. Qg3 fxe5 20. dxe5 Ne4 21. Nxe4
Bxe4 22. Rxf8+ Qxf8 23. Rf1 Qe7 24. Bb2 Rd8 25. Bc3 h4 26. Qf4 Bf5 27. e4 g5
28. Qe3 Bg6 29. Bd2 Bxe4 30. Qxe4 Rxd2 31. Bd3 Rxd3 32. Qxd3 Bxe5 33. Qg6+ Bg7
34. h3 e5 35. Rf5 e4 36. Qxg5 Qe8 37. Rd5 Kf7 38. Qh5+ Kf8 39. Rf5+ Ke7 40. Qh7
Qh8 41. Qxh8 Bxh8 42. Rf4 e3 43. Re4+ Kd6 44. Rxe3 Be5 45. Re4 Bg3 46. Kg1 a6
47. Kf1 a5 48. Ke2 Be5 49. Rxh4 1-0

[Event "Championnat de France - Open C"]
[Site "NANCY"]
[Date "2013.08.15"]
[Round "4.2"]
[White "Carral, Didier"]
[Black "Guillaume, Marvin"]
[Result "1-0"]
[WhiteElo "1699"]
[BlackElo "1748"]
[PlyCount "55"]
[EventDate "2013.??.??"]

1. e4 c5 2. c3 Nf6 3. e5 Nd5 4. d4 cxd4 5. cxd4 e6 6. Nc3 Bb4 7. Bd2 Bxc3 8.
bxc3 O-O 9. Qg4 f5 10. exf6 Nxf6 11. Qh4 Qa5 12. g4 Qd5 13. f3 g6 14. Bd3 Nc6
15. Bg5 Ne8 16. Ne2 Rxf3 17. Kd2 Rxd3+ 18. Kxd3 Ne5+ 19. Kc2 Qe4+ 20. Kb3 Qxe2
21. dxe5 Qxe5 22. Raf1 Qb5+ 23. Kc2 Qa4+ 24. Kb2 Qb5+ 25. Ka1 Nd6 26. Bh6 Nf5
27. Qd8+ Kf7 28. Qf8# 1-0

[Event "Championnat de France - Open C"]
[Site "NANCY"]
[Date "2013.08.15"]
[Round "4.3"]
[White "Marsaudon, Eric"]
[Black "Wolfangel, Claude"]
[Result "1/2-1/2"]
[WhiteElo "1696"]
[BlackElo "1743"]
[PlyCount "100"]
[EventDate "2013.??.??"]

1. c4 Nf6 2. Nf3 e6 3. Nc3 c5 4. e3 b6 5. Be2 Bb7 6. O-O d5 7. d4 Be7 8. b3 O-O
9. Bb2 Nbd7 10. Rc1 Ne4 11. Nd2 cxd4 12. exd4 f5 13. Ncxe4 fxe4 14. Bg4 Rf6 15.
Qe2 Rg6 16. Rcd1 Bd6 17. f4 Qh4 18. h3 Rf8 19. Qe3 Rxg4 20. hxg4 Qxg4 21. Qh3
Qxh3 22. gxh3 e3 23. Rfe1 exd2 24. Rxd2 Bxf4 25. Rde2 Bg3 26. Rc1 dxc4 27. bxc4
Bf3 28. Rxe6 Nf6 29. d5 Ne4 30. Bd4 Ng5 31. Re7 Nxh3+ 32. Kf1 Bxd5+ 33. Ke2
Nf4+ 34. Kd2 Bf7 35. Rg1 Nh5 36. Kc3 Rc8 37. Rxa7 Rxc4+ 38. Kb2 Rc8 39. Rf1 Nf6
40. Rg1 Bh4 41. Ra3 h6 42. Ra6 Rc6 43. a4 Rd6 44. Bc3 Bf2 45. Rg2 Bc5 46. Ra8+
Kh7 47. Rc8 Rd5 48. Rc7 Bd4 49. Bxd4 Rxd4 50. Rxf7 Ne4 1/2-1/2

[Event "Championnat de France - Open C"]
[Site "NANCY"]
[Date "2013.08.15"]
[Round "4.4"]
[White "Doyen, Remi"]
[Black "Lafortune, Emerick"]
[Result "1-0"]
[WhiteElo "1647"]
[BlackElo "1728"]
[PlyCount "53"]
[EventDate "2013.??.??"]

1. e4 d6 2. d4 Nf6 3. Nc3 g6 4. Be3 Bg7 5. f3 c6 6. Qd2 b5 7. a3 Qa5 8. b4 Qc7
9. Bd3 Nbd7 10. Nge2 a6 11. O-O O-O 12. Bh6 c5 13. Bxg7 Kxg7 14. e5 dxe5 15.
dxe5 Bb7 16. Ne4 Rad8 17. N2g3 Nd5 18. Qg5 Kh8 19. Qh6 N7f6 20. Ng5 Nf4 21. Nf5
gxf5 22. Bxf5 Ng6 23. Bxg6 fxg6 24. Ne6 Rg8 25. Nxc7 Bd5 26. Rad1 Bc4 27. Rfe1
1-0

[Event "Championnat de France - Open C"]
[Site "NANCY"]
[Date "2013.08.15"]
[Round "4.5"]
[White "Gardet, Thomas"]
[Black "De Talance, Aliaume"]
[Result "0-1"]
[WhiteElo "1578"]
[BlackElo "1716"]
[PlyCount "144"]
[EventDate "2013.??.??"]

1. e4 d6 2. Nc3 Nf6 3. f4 g6 4. Nf3 Bg7 5. Bc4 O-O 6. O-O Nxe4 7. Nxe4 d5 8.
Bd3 dxe4 9. Bxe4 Nd7 10. d4 c5 11. c3 cxd4 12. cxd4 Nf6 13. Bc2 Bg4 14. Kh1 Nd5
15. a3 Qb6 16. f5 Rad8 17. fxg6 hxg6 18. Bb3 Nc7 19. h3 Bxf3 20. Qxf3 e6 21.
Ba2 Bxd4 22. Bh6 Bg7 23. Bxg7 Kxg7 24. Qf6+ Kg8 25. Rf4 Ne8 26. Qe5 Ng7 27.
Raf1 Nf5 28. Rb4 Qd6 29. Qxd6 Rxd6 30. Rc1 Rd7 31. Bb1 Ne7 32. Be4 b6 33. Rbc4
Rfd8 34. Rc7 Kg7 35. Kh2 Ng8 36. Bf3 Nf6 37. b4 Rxc7 38. Rxc7 Rd7 39. Rxd7 Nxd7
40. g4 Ne5 41. Be2 f5 42. g5 Nc6 43. Kg3 e5 44. Bd1 Nd4 45. a4 Kf7 46. h4 Ke6
47. Kh3 e4 48. Kg2 e3 49. Kf1 f4 50. Bg4+ Ke5 51. h5 gxh5 52. Bxh5 Kf5 53. g6
Kf6 54. b5 f3 55. Bxf3 Nxf3 56. Ke2 Ng5 57. Kxe3 Ne6 58. Kd2 Nc5 59. a5 bxa5
60. Kc3 a4 61. Kb4 Kxg6 62. Ka3 Kf5 63. Kb4 Ke4 64. Ka3 Kd5 65. Ka2 Kc4 66. Ka3
Kc3 67. Ka2 Kb4 68. Kb2 a3+ 69. Ka2 Ka4 70. Ka1 Kb3 71. Kb1 Ne6 72. Ka1 Nd4 0-1

[Event "Championnat de France - Open C"]
[Site "NANCY"]
[Date "2013.08.15"]
[Round "4.6"]
[White "Dagonia, Steve"]
[Black "Pogosian, Norair"]
[Result "1-0"]
[WhiteElo "1792"]
[BlackElo "1727"]
[PlyCount "65"]
[EventDate "2013.??.??"]

1. b3 e5 2. Bb2 Nc6 3. e4 Nf6 4. Nc3 d5 5. exd5 Nxd5 6. Nf3 Bg4 7. Be2 Nf4 8.
O-O Qd7 9. Re1 Nxg2 10. Kxg2 Bh3+ 11. Kh1 Bc5 12. d4 Nxd4 13. Nxd4 Bxd4 14. Bf3
O-O-O 15. Na4 Qf5 16. Qe2 Bxb2 17. Nxb2 Rd2 18. Qe3 Qxc2 19. Rac1 Qxb2 20. Qxa7
Kd7 21. Qxb7 Ke6 22. Qc6+ Rd6 23. Qc4+ Ke7 24. Qh4+ f6 25. Qxh3 Kd8 26. Bb7 Re8
27. Qc8+ Ke7 28. Qxc7+ Rd7 29. Qc5+ Rd6 30. Rcd1 Red8 31. Rxd6 Rxd6 32. Rd1 Kf7
33. Qxd6 1-0

[Event "Championnat de France - Open C"]
[Site "NANCY"]
[Date "2013.08.15"]
[Round "4.7"]
[White "Afraoui, Anaelle"]
[Black "Citterio, Jean-Claude"]
[Result "1-0"]
[WhiteElo "1715"]
[BlackElo "1776"]
[PlyCount "68"]
[EventDate "2013.??.??"]

1. e4 e5 2. Nf3 Nc6 3. d4 exd4 4. Nxd4 Bc5 5. Nxc6 Qf6 6. Qd2 Qxc6 7. Bd3 Nf6
8. O-O O-O 9. Re1 d6 10. b4 Bb6 11. Bb2 Ng4 12. Re2 Ne5 13. a4 Nxd3 14. cxd3 a5
15. b5 Qc5 16. Na3 Bg4 17. d4 Qh5 18. Re3 d5 19. exd5 Qxd5 20. Rae1 f5 21. Rg3
Bh5 22. Nc2 Rfe8 23. Ne3 Qd7 24. Rh3 Bg6 25. Rd1 Rad8 26. Nc4 Qe6 27. Nxb6 Qxb6
28. Rc1 Rd5 29. Re3 Red8 30. Qe2 Qd6 31. Re6 Qd7 32. Re7 Bh5 33. Qe3 Qd6 34.
Rcxc7 Re5 1-0

[Event "Championnat de France - Open C"]
[Site "NANCY"]
[Date "2013.08.15"]
[Round "4.8"]
[White "Roch, Florian"]
[Black "Gauthier, Laurent"]
[Result "1-0"]
[WhiteElo "1744"]
[BlackElo "1689"]
[Annotator "Rivier,Sylvain"]
[PlyCount "71"]
[EventDate "2013.??.??"]

1. e4 e5 2. Nf3 Nf6 3. Nxe5 d6 4. Nf3 Nxe4 5. Nc3 Nxc3 6. dxc3 Be7 7. Be3 Nd7
8. Qd2 O-O 9. O-O-O Nc5 10. Nd4 Ne6 11. Nf5 Bf6 12. g4 Ng5 13. h4 Nf3 14. Qd5
Bxf5 15. Qxf3 Bd7 16. Qg3 Bc6 17. Rh2 b5 18. g5 Be7 19. Bd3 b4 20. cxb4 Rb8 21.
a3 Bb5 22. Bxa7 Rb7 23. Bxb5 Rxb5 24. Qd3 Rb7 25. Be3 Qb8 26. h5 c5 27. g6 h6
28. gxf7+ Rxf7 29. Rg2 Kh8 30. Qd5 Rf8 31. Rdg1 Bf6 32. c3 cxb4 33. axb4 Re8
34. Qd1 Rc8 35. Bd4 Bg5+ 36. Kb1 {suite illisible} 1-0

[Event "Championnat de France - Open C"]
[Site "NANCY"]
[Date "2013.08.15"]
[Round "4.9"]
[White "Glotin, Adrien"]
[Black "Pichon, Julien"]
[Result "1/2-1/2"]
[WhiteElo "1632"]
[BlackElo "1738"]
[PlyCount "70"]
[EventDate "2013.??.??"]

1. d4 Nf6 2. c4 g6 3. Nc3 Bg7 4. e4 d6 5. f4 O-O 6. Nf3 c5 7. d5 Bg4 8. Be2
Bxf3 9. Bxf3 Nbd7 10. O-O a6 11. a4 Ne8 12. g4 Nc7 13. g5 b5 14. axb5 axb5 15.
Rxa8 Qxa8 16. e5 Nb6 17. cxb5 Qa5 18. exd6 exd6 19. Bd2 Nxb5 20. Ne4 Qa2 21.
Bc3 Nxc3 22. bxc3 Nxd5 23. Rf2 Qc4 24. Nxd6 Nxc3 25. Nxc4 Nxd1 26. Bxd1 Bd4 27.
Kg2 Bxf2 28. Kxf2 f6 29. gxf6 Rxf6 30. Kg3 Kg7 31. Bb3 Ra6 32. Bd1 Rf6 33. Bb3
Ra6 34. Bd1 Rf6 35. Bb3 Ra6 1/2-1/2

[Event "Championnat de France - Open C"]
[Site "NANCY"]
[Date "2013.08.15"]
[Round "4.10"]
[White "Dieuleveut, Floriane"]
[Black "Buisson, Lionel"]
[Result "0-1"]
[WhiteElo "1728"]
[BlackElo "1594"]
[PlyCount "102"]
[EventDate "2013.??.??"]

1. e4 e5 2. Nf3 Nc6 3. Bc4 Bc5 4. d3 Nf6 5. O-O h6 6. c3 O-O 7. Bb3 d6 8. Nbd2
Be6 9. Bc2 d5 10. b4 Bd6 11. Re1 dxe4 12. Nxe4 Nxe4 13. dxe4 Qf6 14. h3 Ne7 15.
Nh2 Qg6 16. Kh1 f5 17. exf5 Bxf5 18. Bxf5 Rxf5 19. Be3 e4 20. Qg4 Be5 21. Qxe4
Qf7 22. g4 Bxc3 23. gxf5 Qd5 24. Qxd5+ Nxd5 25. a3 a5 26. Red1 Nxe3 27. fxe3
Bxa1 28. Rxa1 axb4 29. a4 c5 30. Nf3 b5 31. a5 b3 32. Nd2 c4 33. Ne4 b4 34. Rb1
Rxa5 35. Nd2 Rc5 36. Nxc4 Rxc4 37. Rxb3 Kf7 38. Kg2 Kf6 39. Kf3 Kxf5 40. Kg3 g5
41. Kf3 h5 42. Kg3 Ke5 43. Kf2 Kd5 44. Rd3+ Kc5 45. Kf3 Rh4 46. Kg3 Kc4 47. Rd2
b3 48. Rd8 Kb4 49. Rb8+ Kc3 50. Rb5 b2 51. Rxg5 Re4 0-1

[Event "Championnat de France - Open C"]
[Site "NANCY"]
[Date "2013.08.16"]
[Round "5.1"]
[White "Carral, Didier"]
[Black "Mangold, Noe"]
[Result "0-1"]
[WhiteElo "1699"]
[BlackElo "1781"]
[PlyCount "96"]
[EventDate "2013.??.??"]

1. e4 c5 2. Nf3 d6 3. Bb5+ Bd7 4. Bxd7+ Qxd7 5. c4 Nc6 6. Nc3 Nf6 7. O-O g6 8.
d3 Bg7 9. h3 O-O 10. Be3 Ne8 11. d4 cxd4 12. Nxd4 Nc7 13. b3 Ne6 14. Nce2 Nexd4
15. Nxd4 f5 16. exf5 gxf5 17. f4 e5 18. Nxc6 Qxc6 19. fxe5 dxe5 20. Bg5 Kh8 21.
Qc2 Qg6 22. Be7 Rf7 23. Bc5 b6 24. Bb4 Rg8 25. Rad1 Qh5 26. Bc3 f4 27. Qe4 Bf6
28. Rd3 Rfg7 29. Rf2 Rg5 30. Rdf3 Rd8 31. Rxf4 Be7 32. Rg4 Rd1+ 33. Kh2 Qg6 34.
Bxe5+ Kg8 35. Qxg6+ Rxg6 36. Rgf4 Re1 37. Bb8 Rb1 38. Rf1 Rb2 39. R4f2 Rxf2 40.
Rxf2 a5 41. Rc2 Bc5 42. Bf4 Rf6 43. g3 Re6 44. Kg2 Kf7 45. Kf3 Re1 46. Re2 Rf1+
47. Kg4 Kg6 48. Be3 h5+ 0-1

[Event "Championnat de France - Open C"]
[Site "NANCY"]
[Date "2013.08.16"]
[Round "5.2"]
[White "De Talance, Aliaume"]
[Black "Doyen, Remi"]
[Result "1-0"]
[WhiteElo "1716"]
[BlackElo "1647"]
[PlyCount "53"]
[EventDate "2013.??.??"]

1. e4 c5 2. Nf3 d6 3. Bb5+ Bd7 4. Bxd7+ Qxd7 5. O-O Nc6 6. c3 Nf6 7. Re1 g6 8.
d4 cxd4 9. cxd4 Bg7 10. Nc3 O-O 11. h3 Rfd8 12. Be3 Rac8 13. Qd2 Na5 14. b3 b5
15. Bg5 b4 16. Nd5 Nxd5 17. exd5 f6 18. Qxb4 Nxb3 19. axb3 fxg5 20. Nxg5 Qf5
21. Ne6 Rc2 22. f3 Qxd5 23. Rxa7 Rf8 24. Qb7 Bxd4+ 25. Kh1 Qh5 26. Qxe7 Rfc8
27. Nxd4 1-0

[Event "Championnat de France - Open C"]
[Site "NANCY"]
[Date "2013.08.16"]
[Round "5.3"]
[White "Kajganic, Fabien"]
[Black "Dagonia, Steve"]
[Result "0-1"]
[WhiteElo "1727"]
[BlackElo "1792"]
[PlyCount "100"]
[EventDate "2013.??.??"]

1. d4 f5 2. Nc3 Nf6 3. Bg5 e6 4. e4 fxe4 5. Nxe4 Be7 6. Bxf6 Bxf6 7. Qh5+ g6 8.
Qh6 Qe7 9. Nxf6+ Qxf6 10. Nf3 Nc6 11. c3 Ne7 12. Bd3 Nf5 13. Bxf5 Qxf5 14. O-O
b6 15. Rfe1 Bb7 16. Re5 Qf8 17. Qe3 Bxf3 18. gxf3 O-O-O 19. a4 a5 20. Qe4 c6
21. c4 Qb4 22. c5 Kc7 23. cxb6+ Qxb6 24. Qf4 Rhf8 25. Rf5+ e5 26. Qxe5+ Kb7 27.
Rxf8 Rxf8 28. Qe7 Rxf3 29. Qxd7+ Qc7 30. Qxc7+ Kxc7 31. Re1 Rf4 32. Re7+ Kd6
33. Ra7 Rxd4 34. Rxa5 Rb4 35. Ra7 h6 36. a5 Rxb2 37. Rg7 c5 38. Rxg6+ Kd5 39.
Rxh6 c4 40. Kf1 c3 41. Rh8 c2 42. Rd8+ Ke6 43. Rc8 Rb1+ 44. Kg2 c1=Q 45. Rxc1
Rxc1 46. Kg3 Ra1 47. h4 Rxa5 48. Kg4 Kf6 49. h5 Rg5+ 50. Kh4 Kf5 0-1

[Event "Championnat de France - Open C"]
[Site "NANCY"]
[Date "2013.08.16"]
[Round "5.4"]
[White "Buisson, Lionel"]
[Black "Roch, Florian"]
[Result "1-0"]
[WhiteElo "1594"]
[BlackElo "1744"]
[PlyCount "43"]
[EventDate "2013.??.??"]

1. e4 c5 2. Nf3 d6 3. d4 cxd4 4. Nxd4 Nf6 5. Nc3 a6 6. Be2 e5 7. Nb3 Be6 8. O-O
Be7 9. f4 O-O 10. Be3 Nbd7 11. f5 Bxb3 12. axb3 Nc5 13. Bd3 d5 14. exd5 Nxd3
15. Qxd3 Ng4 16. Rad1 Qc7 17. Ne4 Nxe3 18. Qxe3 Qxc2 19. Rd2 Qc8 20. d6 Bd8 21.
f6 Qc6 22. Qg5 1-0

[Event "Championnat de France - Open C"]
[Site "NANCY"]
[Date "2013.08.16"]
[Round "5.5"]
[White "Wolfangel, Claude"]
[Black "Afraoui, Anaelle"]
[Result "0-1"]
[WhiteElo "1743"]
[BlackElo "1715"]
[PlyCount "42"]
[EventDate "2013.??.??"]

1. c4 c5 2. g3 g6 3. Bg2 Bg7 4. Nc3 Nf6 5. e3 O-O 6. Nge2 Nc6 7. O-O d6 8. d4
cxd4 9. exd4 a6 10. Be3 Qc7 11. Rc1 Bf5 12. Nd5 Qd8 13. c5 Nxd5 14. Bxd5 dxc5
15. Bxc6 bxc6 16. Rxc5 Qd7 17. Qa4 Bd3 18. Re1 Be4 19. Rf1 Bf3 20. d5 Bxe2 21.
dxc6 Qh3 0-1

[Event "Championnat de France - Open C"]
[Site "NANCY"]
[Date "2013.08.16"]
[Round "5.6"]
[White "Bellahcene, Omar"]
[Black "Marsaudon, Eric"]
[Result "1/2-1/2"]
[WhiteElo "1789"]
[BlackElo "1696"]
[Annotator "Rivier,Sylvain"]
[PlyCount "69"]
[EventDate "2013.??.??"]

1. e4 g6 2. d4 Bg7 3. Nc3 c6 4. Be3 d6 5. Qd2 h5 6. Bd3 Nf6 7. Nge2 Ng4 8. Bg5
Qc7 9. h3 Nf6 10. f4 e5 11. fxe5 dxe5 12. Rf1 Nbd7 13. dxe5 Qxe5 14. O-O-O Qxg5
15. Qxg5 Bh6 16. Qxh6 Rxh6 17. e5 Nd5 18. Nxd5 cxd5 19. e6 fxe6 20. Nf4 Nf8 21.
Rde1 Bd7 22. Nxd5 O-O-O 23. Ne7+ Kb8 24. Rf6 Rh8 25. Nxg6 Nxg6 26. Bxg6 h4 27.
Be4 Rdf8 28. Ref1 Rxf6 29. Rxf6 Kc7 30. Rf7 b6 31. c4 a6 32. Kd2 a5 33. Ke3 Rh5
34. Bf3 Re5+ 35. Kd3 {suite illisible} 1/2-1/2

[Event "Championnat de France - Open C"]
[Site "NANCY"]
[Date "2013.08.16"]
[Round "5.7"]
[White "Vuillemard, Jean-Marc"]
[Black "Girault, Simon"]
[Result "0-1"]
[WhiteElo "1723"]
[BlackElo "1797"]
[PlyCount "108"]
[EventDate "2013.??.??"]

1. e4 c6 2. Nc3 d5 3. exd5 cxd5 4. d4 Nc6 5. Nf3 Nf6 6. h3 g6 7. Bb5 Bg7 8. Ne5
Bd7 9. Nxd7 Qxd7 10. O-O O-O 11. Bf4 a6 12. Be2 b5 13. Bf3 e6 14. a3 Rfc8 15.
Ne2 Na5 16. Bd2 Nc4 17. Bc1 e5 18. dxe5 Nxe5 19. Nd4 Nxf3+ 20. Nxf3 Qc7 21. Nd4
Ne4 22. Be3 Re8 23. c3 f5 24. Ne2 Rad8 25. Bd4 Bh6 26. a4 Qc6 27. axb5 Qxb5 28.
b4 Re6 29. Ra5 Qc4 30. f3 Nf6 31. Nc1 Qc6 32. Qd3 Ne8 33. Nb3 Nc7 34. Rc5 Qd7
35. Bf2 Bf8 36. Rd1 Qc8 37. Bh4 Rde8 38. Rxc7 Qxc7 39. Qxd5 Kh8 40. Nd4 Rd6 41.
Qb3 Qd7 42. Bg3 Rd5 43. Bf2 Bg7 44. f4 h6 45. Rd2 Qb7 46. c4 Rd7 47. c5 Qc7 48.
g3 Kh7 49. Qc4 Re4 50. c6 Rd6 51. Qxa6 Bxd4 52. Qb7 Bxf2+ 53. Kg2 Qxb7 54. cxb7
Rxd2 0-1

[Event "Championnat de France - Open C"]
[Site "NANCY"]
[Date "2013.08.16"]
[Round "5.8"]
[White "Boursier, Marianne"]
[Black "Coiffait, Casimir"]
[Result "1/2-1/2"]
[WhiteElo "1714"]
[BlackElo "1764"]
[PlyCount "81"]
[EventDate "2013.??.??"]

1. e4 e6 2. d4 d5 3. Nd2 Nf6 4. exd5 exd5 5. Ngf3 Bg4 6. Be2 Bd6 7. h3 Bh5 8.
Nh4 Bg6 9. Nxg6 hxg6 10. Nf3 Ne4 11. Bd3 Qe7 12. Qe2 Nc6 13. c3 O-O-O 14. Be3
Rde8 15. O-O-O Nxf2 16. Qxf2 Qxe3+ 17. Qxe3 Rxe3 18. Rhe1 Rhe8 19. Rxe3 Rxe3
20. Kc2 Kd7 21. Re1 Rxe1 22. Nxe1 Ne7 23. Nf3 Nf5 24. Kd2 Bf4+ 25. Ke2 Ng3+ 26.
Kd1 Ke6 27. Nd2 f5 28. Nf3 Ne4 29. Be2 b6 30. Kc2 c5 31. c4 Be3 32. cxd5+ Kxd5
33. dxc5 Nxc5 34. Nh4 Ne6 35. Nxg6 f4 36. Bf3+ Kc5 37. Kd3 Ng5 38. Bg4 Bc1 39.
Kc2 Be3 40. Ne5 Ne4 41. Nd3+ 1/2-1/2

[Event "Championnat de France - Open C"]
[Site "NANCY"]
[Date "2013.08.16"]
[Round "5.9"]
[White "Zounani, Yacine"]
[Black "Chandran, Franck"]
[Result "1-0"]
[WhiteElo "1750"]
[BlackElo "1711"]
[PlyCount "63"]
[EventDate "2013.??.??"]

1. d4 Nf6 2. c4 e5 3. dxe5 Ng4 4. Nf3 Bc5 5. e3 Nc6 6. Be2 Ngxe5 7. O-O Nxf3+
8. Bxf3 Ne5 9. Nc3 Nxf3+ 10. Qxf3 O-O 11. Ne4 Be7 12. c5 b6 13. Nf6+ Bxf6 14.
Qxa8 a5 15. cxb6 cxb6 16. Qd5 Qc7 17. e4 Bb7 18. Qd3 Re8 19. f3 Be5 20. f4 Bd6
21. e5 Bc5+ 22. Be3 Qc6 23. Rf2 Be7 24. Rc1 Qe6 25. a3 h5 26. Re2 Qg4 27. h3
Qe6 28. Bf2 Bc5 29. Bxc5 bxc5 30. Rd2 Rd8 31. Qd6 Qb3 32. Rc3 1-0

[Event "Championnat de France - Open C"]
[Site "NANCY"]
[Date "2013.08.16"]
[Round "5.10"]
[White "Guillaume, Marvin"]
[Black "Quelennec, Amelie"]
[Result "0-1"]
[WhiteElo "1748"]
[BlackElo "1700"]
[PlyCount "114"]
[EventDate "2013.??.??"]

1. e4 g6 2. d4 Bg7 3. g3 c5 4. d5 d6 5. c4 Nd7 6. Bg2 Qa5+ 7. Bd2 Qb6 8. Nc3
Ne5 9. f4 Nd3+ 10. Ke2 Nb4 11. Qb3 Bd7 12. Nf3 Nh6 13. Rhe1 O-O 14. Kf1 Nd3 15.
Qxb6 axb6 16. Reb1 Nb4 17. Ne1 f5 18. e5 dxe5 19. fxe5 Ng4 20. e6 Bc8 21. a3
Na6 22. Na4 Nc7 23. Nxb6 Ra6 24. Nxc8 Rxc8 25. Nf3 b5 26. h3 Nf6 27. b3 Ne4 28.
Ra2 Nxg3+ 29. Ke1 Ne4 30. Bf1 b4 31. a4 Bc3 32. Rc2 Ne8 33. Bxc3 Nxc3 34. Rbc1
Nf6 35. Ne5 Nfe4 36. Bd3 Kg7 37. Bxe4 Nxe4 38. Ke2 Kf6 39. Ke3 Kxe5 40. h4 Raa8
41. h5 g5 42. Rf1 h6 43. Kf3 Rf8 44. Re2 Kd6 45. Kg2 Nf6 46. Rxf5 Nxh5 47. Ree5
Rxf5 48. Rxf5 Nf6 49. Kf3 Rf8 50. Kg2 g4 51. Kg3 h5 52. Kf4 Nxd5+ 53. cxd5
Rxf5+ 54. Kxf5 g3 55. a5 g2 56. a6 g1=Q 57. a7 Qg4# 0-1

[Event "Championnat de France - Open C"]
[Site "NANCY"]
[Date "2013.08.17"]
[Round "6.1"]
[White "Mangold, Noe"]
[Black "De Talance, Aliaume"]
[Result "1-0"]
[WhiteElo "1781"]
[BlackElo "1716"]
[PlyCount "123"]
[EventDate "2013.??.??"]

1. d4 d6 2. c4 e5 3. d5 f5 4. e4 Nf6 5. Bg5 Be7 6. Bxf6 Bxf6 7. Nc3 O-O 8. Nge2
f4 9. Qc2 a5 10. O-O-O Na6 11. a3 Bd7 12. Kb1 Nc5 13. g3 f3 14. Ng1 Be7 15. h4
Rb8 16. Bh3 Bxh3 17. Nxh3 c6 18. Na4 Nxa4 19. Qxa4 b5 20. cxb5 cxb5 21. Qb3 Rb6
22. Qe3 a4 23. Rc1 b4 24. Rc8 Qxc8 25. Qxb6 bxa3 26. bxa3 Qc4 27. Qb4 Qd3+ 28.
Ka2 Rc8 29. Rb1 Qa6 30. Rb2 h6 31. Qb5 Qa7 32. Qb7 Qxb7 33. Rxb7 Bf8 34. Ng1
Rc2+ 35. Rb2 Rc4 36. Nxf3 Rxe4 37. Rd2 Be7 38. Ng1 Bf6 39. Ne2 Rc4 40. Kb1 Kh7
41. Rc2 Rxc2 42. Kxc2 Kg6 43. Kd3 e4+ 44. Kxe4 Bb2 45. f3 Bxa3 46. Nc3 Bc5 47.
Nxa4 Bf2 48. Kf4 h5 49. Nc3 Bd4 50. Ne2 Be5+ 51. Ke4 Bf6 52. Nf4+ Kh6 53. Kf5
Be5 54. g4 hxg4 55. fxg4 Kh7 56. h5 Kh6 57. Ne6 Bc3 58. Ng5 Bb4 59. Nf7+ Kh7
60. Ke6 g6 61. h6 Ba3 62. g5 1-0

[Event "Championnat de France - Open C"]
[Site "NANCY"]
[Date "2013.08.17"]
[Round "6.2"]
[White "Dagonia, Steve"]
[Black "Buisson, Lionel"]
[Result "0-1"]
[WhiteElo "1792"]
[BlackElo "1594"]
[PlyCount "164"]
[EventDate "2013.??.??"]

1. b3 d5 2. Bb2 Nc6 3. e3 Nf6 4. Nf3 Bf5 5. Bb5 a6 6. Bxc6+ bxc6 7. Ne5 c5 8.
O-O e6 9. g4 Nxg4 10. Nxg4 Qg5 11. Kh1 Qxg4 12. Qxg4 Bxg4 13. f3 Bf5 14. d3 Rb8
15. e4 dxe4 16. dxe4 Bg6 17. Nd2 f6 18. Nc4 e5 19. Bc3 Bd6 20. Rad1 Ke7 21. Rd2
Rhd8 22. Rfd1 Bf7 23. Ne3 g6 24. Nd5+ Bxd5 25. Rxd5 c6 26. R5d2 Bc7 27. Rxd8
Rxd8 28. Rxd8 Bxd8 29. Bd2 Ke6 30. c4 h5 31. h3 f5 32. Kg2 g5 33. Kg3 Kf6 34.
Kg2 Kg6 35. Kg3 Bf6 36. Bc1 g4 37. hxg4 hxg4 38. Bd2 gxf3 39. Kxf3 Bg5 40. Ba5
Bc1 41. Bb6 Ba3 42. Ba7 f4 43. Kg4 Kf6 44. Bb6 Ke7 45. Bc7 Bb2 46. a4 Kd7 47.
Bb6 Bd4 48. a5 Bf2 49. Kf5 Bh4 50. Kg4 Be7 51. Kf3 Bd8 52. Bxc5 Bxa5 53. Ke2
Bd8 54. Bb4 Bb6 55. c5 a5 56. Bc3 Bc7 57. Be1 Kc8 58. Kd3 Bd8 59. Bc3 Bc7 60.
Be1 Kb7 61. Bh4 Ka6 62. Kc4 Kb7 63. Kd3 Kc8 64. Kc2 Bd8 65. Be1 Kb7 66. Kd3 Ka6
67. Kc4 f3 68. Kd3 Bg5 69. Bf2 Kb5 70. Kc2 Kb4 71. Be1+ Kxc5 72. Bf2+ Kb4 73.
Be1+ Ka3 74. Bf2 Be7 75. Kc3 a4 76. bxa4 Kxa4 77. Kc4 Bg5 78. Kc5 Kb3 79. Kxc6
Kc4 80. Kd6 Bf4 81. Ke6 Kd3 82. Kd5 Ke2 0-1

[Event "Championnat de France - Open C"]
[Site "NANCY"]
[Date "2013.08.18"]
[Round "6.3"]
[White "Afraoui, Anaelle"]
[Black "Zounani, Yacine"]
[Result "0-1"]
[WhiteElo "1715"]
[BlackElo "1750"]
[PlyCount "56"]
[EventDate "2013.??.??"]

1. e4 c5 2. Nf3 d6 3. d4 cxd4 4. Nxd4 Nf6 5. Nc3 a6 6. a3 e6 7. Be2 Be7 8. O-O
O-O 9. Be3 b5 10. f4 Bb7 11. Bf3 d5 12. e5 Nfd7 13. f5 Nxe5 14. fxe6 Nc4 15.
exf7+ Rxf7 16. Bc1 Bf6 17. Ne6 Qb6+ 18. Kh1 Qxe6 19. Re1 Be5 20. b3 Nb6 21. Qe2
N8d7 22. Bd2 Qd6 23. g3 Raf8 24. Rf1 Bxc3 25. Bxc3 Rxf3 26. Rxf3 d4 27. Raf1
Bxf3+ 28. Rxf3 Rxf3 0-1

[Event "Championnat de France - Open C"]
[Site "NANCY"]
[Date "2013.08.18"]
[Round "6.4"]
[White "Girault, Simon"]
[Black "Ribiere, Damien"]
[Result "1-0"]
[WhiteElo "1797"]
[BlackElo "1686"]
[PlyCount "31"]
[EventDate "2013.??.??"]

1. e4 e6 2. d3 d5 3. Nd2 Nf6 4. Ngf3 b6 5. g3 dxe4 6. dxe4 Nc6 7. c3 Bc5 8. Bg2
Ba6 9. Qa4 Qd3 10. Qxc6+ Ke7 11. Bf1 Bxf2+ 12. Kd1 Qd8 13. Bxa6 Ng4 14. Ke2 Bc5
15. b4 Qd6 16. Nc4 1-0

[Event "Championnat de France - Open C"]
[Site "NANCY"]
[Date "2013.08.18"]
[Round "6.5"]
[White "Delmotte, Alexandre"]
[Black "Lafortune, Emerick"]
[Result "1-0"]
[WhiteElo "1667"]
[BlackElo "1728"]
[PlyCount "51"]
[EventDate "2013.??.??"]

1. d4 c5 2. d5 Nf6 3. Nc3 d6 4. g3 g6 5. Bg2 Bg7 6. e4 O-O 7. Nf3 Na6 8. O-O
Nc7 9. a4 a6 10. Nd2 b6 11. h3 Rb8 12. f4 b5 13. axb5 axb5 14. Kh2 e6 15. dxe6
Bxe6 16. Qf3 b4 17. Nd1 Nb5 18. c3 Qc7 19. f5 Bd7 20. Qd3 Bc6 21. Re1 Rfe8 22.
Ne3 bxc3 23. bxc3 Nd7 24. Bb2 Be5 25. Ndc4 Nf6 26. Nxe5 1-0

[Event "Championnat de France - Open C"]
[Site "NANCY"]
[Date "2013.08.18"]
[Round "6.6"]
[White "Quelennec, Amelie"]
[Black "Nicolas, Gabrielle"]
[Result "1/2-1/2"]
[WhiteElo "1700"]
[BlackElo "1671"]
[PlyCount "38"]
[EventDate "2013.??.??"]

1. b3 d5 2. Bb2 c5 3. e3 Nf6 4. f4 e6 5. Nf3 Nc6 6. Bb5 Bd6 7. O-O O-O 8. Bxc6
bxc6 9. Ne5 Qc7 10. d3 Ba6 11. Nd2 Nd7 12. Ndf3 Rad8 13. Qd2 Qb6 14. Kh1 h6 15.
Rad1 Qc7 16. Qf2 Qb6 17. Qd2 Qc7 18. Qf2 Qb6 19. Qd2 Qc7 1/2-1/2